header

Should we eat meat? (Record no. 57255)

MARC details
000 -LEADER
fixed length control field 01306nam a2200313 a 4500
082 04 - DEWEY DECIMAL CLASSIFICATION NUMBER
Classification number 641.3/6
100 1# - MAIN ENTRY--AUTHOR NAME
Personal name Smil, Vaclav.
245 10 - TITLE STATEMENT
Title Should we eat meat?
260 ## - PUBLICATION, DISTRIBUTION, ETC. (IMPRINT)
Place of publication Chichester, West Sussex :
Name of publisher Wiley-Blackwell,
Year of publication c2013.
300 ## - PHYSICAL DESCRIPTION
Number of Pages 1 online resource (xvi, 260 p.) :
Other physical details ill.
650 #0 - SUBJECT ADDED ENTRY--TOPICAL TERM
Topical Term Meat
Topical Term Meat industry and trade.
Topical Term Vegetarianism.
856 40 - ELECTRONIC LOCATION AND ACCESS
Uniform Resource Identifier http://site.ebrary.com/lib/rucke/Doc?id=10674803
588 ## -
-- Description based on online resource; title from title page (ebrary, viewed April 18, 2013).

No items available.

© 2026 Rongo University
Contact us: librarian | system librarian | Rongo university